| 000 | 00378nam a2200169Ia 4500 | ||
|---|---|---|---|
| 008 | 210210b1942 xxu||||| |||| 00| 0 eng d | ||
| 041 | _aeng | ||
| 082 | _a828/211 | ||
| 100 | _aEDMONDS (Cr) | ||
| 245 | _aT E Lawrence | ||
| 260 |
_aLondon _bThomas Nelson and Sons Ltd _c1942 |
||
| 650 | _aT | ||
| 650 | _aLawrence | ||
| 650 | _aE | ||
| 690 | _aBiography | ||
| 906 | _a016057 | ||
| 999 |
_c135447 _d135447 |
||